Análisis econométrico (Registro nro. 3834)

Detalles MARC
000 -LEADER
fixed length control field 01573 a2200241 4500
001 - CONTROL NUMBER
control field 44885
005 - DATE AND TIME OF LATEST TRANSACTION
control field 20260407155723.0
008 - FIXED-LENGTH DATA ELEMENTS--GENERAL INFORMATION
fixed length control field 260407a1999 arg spa d
003 - CONTROL NUMBER IDENTIFIER
control field AR-UNSa-BCEJYS
040 ## - CATALOGING SOURCE
Original cataloging agency AR-UNSa-BCEJYS
Language of cataloging spa
Transcribing agency AR-UNSa-BCEJYS
080 ## - UNIVERSAL DECIMAL CLASSIFICATION NUMBER
Universal Decimal Classification number 330.43
Common auxiliary subdivision Econometría
020 ## - INTERNATIONAL STANDARD BOOK NUMBER
International Standard Book Number 84-8322-007-5
041 ## - LANGUAGE CODE
Language code of text/sound track or separate title spa
100 1# - MAIN ENTRY--PERSONAL NAME
Personal name Greene, William H.
245 10 - TITLE STATEMENT
Title Análisis econométrico
250 ## - EDITION STATEMENT
Edition statement 3a. ed.
264 #1 - PRODUCTION, PUBLICATION, DISTRIBUTION, MANUFACTURE, AND COPYRIGHT NOTICE
Place of production, publication, distribution, manufacture México :
Name of producer, publisher, distributor, manufacturer Prentice-Hall
Date of production, publication, distribution, manufacture, or copyright notice 1999
300 ## - PHYSICAL DESCRIPTION
Extent xxxv, 913 p.
Dimensions 27 cm.
505 ## - FORMATTED CONTENTS NOTE
Formatted contents note 1. Introducción - 2. Álgebra matricial - 3. Probabilidad y teoría de la distribución - 4. Inferencia estadística - 5. Cómputo y optimización – 6. El modelo clásico de regresión múltiple lineal: especificación y estimación – 7. Inferencia y predicción – 8. Forma funcional, no linealidad y especificación – 9. Problemas de los datos – 10. Modelos de regresión no lineal – 11. Perturbaciones no esféricas, regresión generalizada y estimación GMM – 12. Heterocedasticidad – 13. Perturbaciones autocorrelacionadas – 14. Modelos para datos de panel – 15. Sistemas de ecuaciones de regresión – 16. Modelos de ecuaciones simultáneas – 17. Regresiones con variables retardadas – 18. Modelos de series temporales – 19. Modelos con variables dependientes discretas – 20. Modelos con variable dependiente limitada y modelo de duración.
590 ## - LOCAL NOTE (RLIN)
Local note niveau_biblio:m niveau_hierar:0
856 41 - ELECTRONIC LOCATION AND ACCESS
Uniform Resource Identifier <a href="https://www.biblioeco.unsa.edu.ar/pmb/images/libros/L127016.jpg">https://www.biblioeco.unsa.edu.ar/pmb/images/libros/L127016.jpg</a>
Link text Imagen de portada
Electronic format type image/jpeg
942 ## - ADDED ENTRY ELEMENTS (KOHA)
Koha item type
Existencias
Withdrawn status Lost status Damaged status Not for loan Home library Current library Shelving location Date acquired Total checkouts Full call number Barcode Date last seen Price effective from Koha item type
        Biblioteca Prof. Eusebio Cleto del Rey Biblioteca Prof. Eusebio Cleto del Rey   07/04/2026   330.43 G795a 3ed. L127016 07/04/2026 07/04/2026 Libro
        Biblioteca Prof. Eusebio Cleto del Rey Biblioteca Prof. Eusebio Cleto del Rey   07/04/2026   330.43 G795a 3ed. L127359 07/04/2026 07/04/2026 Libro
        Biblioteca Prof. Eusebio Cleto del Rey Biblioteca Prof. Eusebio Cleto del Rey   07/04/2026   330.43 G795a 3ed. L128277 07/04/2026 07/04/2026 Libro